|
|
แสดงรายละเอียดบรรณานุกรม |
|
|
Brief Record
: Get Marc (ISO 2709)
: E-mail record
: |
| LEADER 00000nama 2200000uu 4500 | |||
| 008 040531s2536 th m m a000 0 tha d | |||
| 020 974-587-649-8 | |||
| 041 tha | |||
| 050 WA32.JT3 ส869ก 2536 | |||
| 100 สุวงศ์ ศาสตรวาหา | |||
| 245 กฏหมายสาธารณสุขและสิ่งแวดล้อม/ โดยสุวงศ์ ศาสตรวาหา,สุรชาติ ณหนองคายและพิพัฒน์ ทองผดุงโรจน์ 001 | |||
| 246 กฏหมายสาธารณสุข | |||
| 250 2 | |||
| 260 กรุงเทพฯ เจ้าพระาการพิมพ์ 2536 | |||
| 300 758 หน้า | |||
| 650 สาธารณสุข กฏหมายและระเบียบข้องบังคับ สิ่งแวดล้อม กฏหมายและระเบียบข้องบังคับสุรชาติ ณ หนองคายพิพัฒน์ ทองผดุงโรจน์ชื่อเรื่อง | |||
| 998 1999-02-05 | |||
| คุณยังไม่ได้ล็อกอิน คุณสามารถมีกิจกรรมร่วมกับเว็บไซต์ได้ แต่ต้องล็อกอินก่อน :: |
|
| สถานะ | |||||||||
| 1. | หนังสือทั่วไป | WA32.JT3 ส869ก 2536 | On Shelf ขอยืม | ||||||
| 2. | หนังสือทั่วไป | WA32.JT3 ส869ก 2536 | On Shelf ขอยืม | ||||||
| 3. | หนังสือทั่วไป | WA32.JT3 ส869ก 2536 | On Shelf ขอยืม | ||||||
| 4. | หนังสือทั่วไป | WA32.JT3 ส869ก 2536 | On Shelf ขอยืม | ||||||
| 5. | หนังสือทั่วไป | WA32.JT3 ส869ก 2536 | On Shelf ขอยืม | ||||||
| 6. | หนังสือทั่วไป | WA32.JT3 ส869ก 2536 | On Shelf ขอยืม | ||||||
| 7. | หนังสือทั่วไป | WA32.JT3 ส869ก 2536 | On Shelf ขอยืม | ||||||
| 8. | หนังสือทั่วไป | WA32.JT3 ส869ก 2536 | On Shelf ขอยืม | ||||||
| 9. | หนังสือทั่วไป | WA32.JT3 ส869ก 2536 | On Shelf ขอยืม | ||||||
| 10. | หนังสือทั่วไป | WA32.JT3 ส869ก 2536 | On Shelf ขอยืม | ||||||
| 11. | หนังสือทั่วไป | WA32.JT3 ส869ก 2536 | On Shelf ขอยืม | ||||||
| 12. | หนังสือทั่วไป | WA32.JT3 ส869ก 2536 | On Shelf ขอยืม | ||||||
| [แสดง 12/12 รายการ] | |||||||||
BibComment |
| คอมเมนท์ทรัพยากรรายการนี้ |
|
|